<?xml version="1.0" encoding="UTF-8"?>
<record
    xmlns:xsi="http://www.w3.org/2001/XMLSchema-instance"
    xsi:schemaLocation="http://www.loc.gov/MARC21/slim http://www.loc.gov/standards/marcxml/schema/MARC21slim.xsd"
    xmlns="http://www.loc.gov/MARC21/slim">

  <leader>02818nam a22002657a 4500</leader>
  <controlfield tag="008">250703b        |||||||| |||| 00| 0 eng d</controlfield>
  <datafield tag="020" ind1=" " ind2=" ">
    <subfield code="a">9781398624269</subfield>
  </datafield>
  <datafield tag="040" ind1=" " ind2=" ">
    <subfield code="c">tbs</subfield>
  </datafield>
  <datafield tag="041" ind1=" " ind2=" ">
    <subfield code="a">eng</subfield>
  </datafield>
  <datafield tag="050" ind1=" " ind2=" ">
    <subfield code="a">HD9999</subfield>
    <subfield code="b">.L852K37 2012</subfield>
  </datafield>
  <datafield tag="100" ind1=" " ind2=" ">
    <subfield code="a">Kapferer, Jean-No&#xEB;l</subfield>
    <subfield code="9">2368</subfield>
    <subfield code="e">author</subfield>
  </datafield>
  <datafield tag="245" ind1=" " ind2=" ">
    <subfield code="a">The luxury strategy </subfield>
    <subfield code="b">: break the rules of marketing to build luxury brands </subfield>
    <subfield code="c">/ Jean-No&#xEB;l Kapferer and Vincent Bastien.</subfield>
  </datafield>
  <datafield tag="250" ind1=" " ind2=" ">
    <subfield code="a">Third edition.</subfield>
  </datafield>
  <datafield tag="260" ind1=" " ind2=" ">
    <subfield code="a">London ;</subfield>
    <subfield code="a">New York, NY :</subfield>
    <subfield code="b">Kogan Page,</subfield>
    <subfield code="c">2025.</subfield>
  </datafield>
  <datafield tag="300" ind1=" " ind2=" ">
    <subfield code="a">xx, 450 pages :</subfield>
    <subfield code="b">illustrations ;</subfield>
    <subfield code="c">24 cm.</subfield>
  </datafield>
  <datafield tag="505" ind1=" " ind2=" ">
    <subfield code="a">Introduction &#x2014; Back to luxury fundamentals &#x2014; In the beginning there was luxury &#x2014; The end of a confusion : premium is not luxury &#x2014; Anti-laws of marketing &#x2014; Facets of luxury today &#x2014; Luxury brands need specific management &#x2014; Customer attitudes vis-&#xE0;-vis luxury &#x2014; Developing brand equity &#x2014; Luxury brand stretching &#x2014; Qualifying a product or service as luxury &#x2014; Pricing luxury &#x2014; Distribution and the internet dilemma &#x2014; Communicating luxury &#x2014; Financial and HR management of a luxury company &#x2014; Strategic perspectives &#x2014; Luxury business models &#x2014; Entering luxury and leaving it &#x2014; Learning from luxury &#x2014; Luxury and sustainable development: convergences and divergences.</subfield>
  </datafield>
  <datafield tag="520" ind1=" " ind2=" ">
    <subfield code="a">The Luxury Strategy defines the differences between premium and luxury products, between a luxury and a fashion strategy, and why one needs to turn established marketing rules upside down to build luxury brands. It provides a rigorous guide for true and long-lasting success in the field of luxury.

This essential guide rationalizes those business models that have achieved profitability and unveils the original methods that were used to transform small family businesses such as Ferrari, Louis Vuitton, Cartier, Chanel, Prada, Herm&#xE8;s into profitable global brands. It unveils the narrow path to keep growing while remaining exclusive.

This revised edition builds upon the content that has made this book a staple of the industry. It includes a new preface by the authors and an updating of key cases. The book concludes with a new chapter that delves into the consequences of the luxification of society, the impact of Artificial Intelligence on the sector as well as other new technologies and explores the need for the luxury industry to serve as exemplars of best practice.</subfield>
  </datafield>
  <datafield tag="630" ind1=" " ind2="0">
    <subfield code="a">&#x200B;&#x200B;MSc Fashion &amp; Luxury Marketing - Understanding Fashion &amp; Luxury Markets and customers&#x200B; </subfield>
    <subfield code="9">26039</subfield>
  </datafield>
  <datafield tag="630" ind1=" " ind2="0">
    <subfield code="a">&#x200B;&#x200B;MSc Fashion &amp; Luxury Marketing - Designing &amp; implementing Marketing strategies in Fashion &amp; Luxury markets&#x200B;</subfield>
    <subfield code="9">26044</subfield>
  </datafield>
  <datafield tag="650" ind1=" " ind2="0">
    <subfield code="a">Luxuries </subfield>
    <subfield code="x">Marketing</subfield>
    <subfield code="9">7147</subfield>
  </datafield>
  <datafield tag="650" ind1=" " ind2="0">
    <subfield code="a">Luxury goods industry</subfield>
    <subfield code="9">7363</subfield>
  </datafield>
  <datafield tag="650" ind1=" " ind2="0">
    <subfield code="a">Product management</subfield>
    <subfield code="9">2370</subfield>
  </datafield>
  <datafield tag="700" ind1=" " ind2=" ">
    <subfield code="a">Bastien, Vincent</subfield>
    <subfield code="9">7163</subfield>
    <subfield code="e">author</subfield>
  </datafield>
  <datafield tag="942" ind1=" " ind2=" ">
    <subfield code="2">lcc</subfield>
  </datafield>
  <datafield tag="952" ind1=" " ind2=" ">
    <subfield code="0">0</subfield>
    <subfield code="1">0</subfield>
    <subfield code="2">lcc</subfield>
    <subfield code="4">0</subfield>
    <subfield code="7">0</subfield>
    <subfield code="a">TBS</subfield>
    <subfield code="b">TBS</subfield>
    <subfield code="d">2025-07-03</subfield>
    <subfield code="l">0</subfield>
    <subfield code="o">HD9999 KAP</subfield>
    <subfield code="p">B07582</subfield>
    <subfield code="r">2025-07-03</subfield>
    <subfield code="t">1</subfield>
    <subfield code="w">2025-07-03</subfield>
    <subfield code="y">1</subfield>
  </datafield>
  <datafield tag="999" ind1=" " ind2=" ">
    <subfield code="c">4817</subfield>
    <subfield code="d">4817</subfield>
  </datafield>
</record>
